Nota-nota pengurusan organisasi
| Main Author: | |
|---|---|
| Corporate Author: | |
| Format: | Book |
| Language: | Malay |
| Published: |
1989
|
| Subjects: |
MARC
| LEADER | 00000cam a2200000 7i4500 | ||
|---|---|---|---|
| 001 | 0000004946 | ||
| 008 | 021118s1989 my may | ||
| 090 | 0 | 0 | |a HD31 |b .L8 |
| 100 | 1 | |a Lunjew, Michael D. |e author | |
| 245 | 1 | 0 | |a Nota-nota pengurusan organisasi |c Michael D. Lunjew |
| 260 | 2 | |c 1989 | |
| 300 | |a 163 p. |c 30 cm | ||
| 650 | 0 | |a Management | |
| 710 | 0 | |a Institut Tadbiran Awam Negara | |
| 999 | |a 1000009189 |b Book |c OPEN SHELF (30 DAYS) |e Gong Badak Campus | ||